000 03831cam a2200421 4500500
005 20260329004724.0
041 _afre
042 _adc
100 1 0 _aGravelier, Camille
_eauthor
700 1 0 _aDubois, Olivier
_eauthor
700 1 0 _aBoulangé, Michel
_eauthor
700 1 0 _aKanny, Gisèle
_eauthor
245 0 0 _aTroubles du sommeil et crénothérapie
260 _c2019.
500 _a21
520 _aLa crénothérapie utilise à des fins thérapeutiques les eaux thermales et minérales sur leur lieu d’émergence. En France, les cures thermales s’organisent sur la base d’un forfait de 18 jours de soins. Elles sont conventionnellement prises en charge par l’assurance maladie sur prescription médicale. Les soins thermaux sont prescrits et suivis par le médecin thermal dans le cadre de 3 consultations dédiées au début, pendant et à la fin de la cure. Les troubles du sommeil peuvent évoluer dans le contexte d’affections psychiques et/ou somatiques. Le traitement thermal a démontré un effet bénéfique sur le sommeil chez les sujets sains et dans différentes indications thermales, notamment rhumatologiques. Des cures spécifiques sont proposées pour le traitement des troubles du sommeil associés à une anxiété, un burn-out, une dépression et pour le sevrage des benzodiazépines. Leur efficacité a été démontrée sur la base d’études répondant aux exigences de la médecine fondée sur les preuves. Les mécanismes d’action de la cure thermale sont pluriels : bains hyperthermiques, climat, antalgie, relaxation musculaire, régulation de l’humeur, diminution du stress. L’espace thermal s’avère être une structure particulièrement bien adaptée pour la mise œuvre du traitement non-médicamenteux des troubles du sommeil et le sevrage des benzodiazépines.
520 _aThe crenotherapy uses for therapeutic purposes the natural mineral waters at their place of emergence. In France, spa treatments are organized on the basis of a package of 18 days of care. They are conventionally covered by medical insurance on prescription. Spa treatments are prescribed and monitored by a specialized doctor in three consultations dedicated to the beginning, during and at the end of the course. Sleep disorders can evolve in the context of psychic and / or somatic affections. The thermal treatment has demonstrated a beneficial effect on sleep in healthy subjects and in various indications, rheumatological in particular. Specific treatments are proposed for the treatment of sleep disorders associated with anxiety, burnout, depression and for the withdrawal of benzodiazepines. Their effectiveness has been demonstrated on the basis of studies that meet the requirements of evidence-based medicine. The mechanisms of action of crenotherapy are plural: hyperthermic baths, climate, analgesia, muscular relaxation, regulation of the mood, reduction of the stress. The spa resort is a particularly well-adapted structure for the implementation of non-drug treatment of sleep disorders and the withdrawal of benzodiazepines.
690 _aBain chaud
690 _aCrénothérapie
690 _aCure thermale
690 _aDépression
690 _aDouleur chronique
690 _aÉpuisement professionnel
690 _aSevrage des benzodiazépines
690 _aSommeil
690 _aTrouble anxieux généralisé
690 _aBenzodiazepine withdrawal
690 _aBurn-out
690 _aChronic pain
690 _aCrenotherapy
690 _aDepression
690 _aGeneralized anxiety disorder
690 _aHot bath
690 _aSleep
690 _aSPA therapy
786 0 _nHegel | 3 | 3 | 2019-07-01 | p. 190-195 | 2269-0530
856 4 1 _uhttps://stm.cairn.info/revue-hegel-2019-3-page-190?lang=fr&redirect-ssocas=7080
999 _c1836649
_d1836649